000 00597na a2200241 4500
001 14270
003 MIRAKIL
005 20181213154814.0
008 161028b tu 000 0
020 _a9755332359
040 _aMilas
_btur
_cTR-AnCHP
041 _atur
082 _a813.42
_bD95y 2005
090 _a813.42 D95y 2005
100 _aDündar, Can
245 _aYarim haziran
_cCan Dündar
250 _a13. bs.
260 _aİstanbul
_bİmge Kitabevi
_c2005
300 _a158 s.
_c19 sm.
650 _aTürkçe hikaye
650 _aTürk edebiyatı
_xHikaye
942 _2ddc
_cBKS
999 _c1175
_d1175